000 01125nam a22002297a 4500
003 Uzh_bibl
008 260525b |||||||| |||| 00| 0 ukr d
020 _a978-0-00-675103-8
_c100.00
040 _bукр.
041 _2eng
_aeng
080 _a821(410)
090 _a821(410)
_bМ 83
100 _a Morpurgo, Michael
245 _aThe Butterfly Lion
_hText
260 _aLondon
_bHarperCollins Publishers
_c1996
300 _a128 s.
520 _a A lyrical and moving tale of a young boy growing up in Africa, and his lifelong friendship with a white lion. "All my life I'll think you you, I promise I will. I won't ever forget you." Bertie rescues an orphaned white lion cub from the African veld. They are inseparable until Bertie is sent to boarding school far away in England and the lion is sold to a circus. Bertie swears that one day they will see one another again, but it is the butterfly lion which ensures that their friendship will never be forgotten.
521 _aДля підлітків
546 _aукр.
650 _aЛітературно-художне видання
942 _2udc
_cBK
999 _c17943
_d17943